000 00543nam a2200193Ia 4500
005 20250508163917.0
008 008 250505s9999 xx 000 0 eng d
020 _a0-7619-9597-8
037 _aTextual
040 _aFEDL
_beng
_cFEDL
041 _aeng
_2eng
084 _a302.2244, MUK
_qFEDL
100 _aMukherjee Aditi
245 0 _aPractice and research in literacy Vol.
260 _aNew Delhi, India
_bSage Publications
_c2002
300 _a263p.
942 _cTEXL
_h302.2244, MUK
999 _c1385924
_d1385924